000 00477nam a2200157Ia 4500
008 100204s9999 xx 000 0 und d
082 _b8453
100 _aप्रीतम अमृता
245 _aकामिनी
260 _b"श्रीविद्या प्रकाशन, पुणे"
_c1986
300 _a91
630 _aकामिनी
700 _aजोशी पद्माकर
730 _aकामिनी
942 _cBOOK
999 _c452889
_d452886